Every City and CDP in Yakima County - Statistics

General Stats
  • This quiz has been taken 8 times
  • The average score is 13 of 29
Answer Stats
Population Type Answer % Correct
1,040 Town Naches
100%
6,498 City Union Gap
100%
95,957 City Yakima
100%
8,661 City Toppenish
86%
3,119 City Zillah
86%
8,309 City Selah
71%
16,254 City Sunnyside
71%
4,468 City Wapato
71%
3,741 City Granger
57%
4,411 City Moxee
57%
9,114 CDP Terrace Heights
57%
3,184 CDP Gleed
43%
10,911 City Grandview
43%
578 Town Harrah
43%
1,928 City Mabton
43%
1,975 City Tieton
43%
759 CDP White Swan
43%
3,906 CDP Ahtanum
29%
118 CDP Nile
29%
105 CDP Parker
29%
395 CDP Tampico
29%
545 CDP Buena
14%
129 CDP Cliffdell
14%
416 CDP Cowiche
14%
145 CDP Donald
14%
237 CDP Eschbach
14%
318 CDP Outlook
14%
2,066 CDP Summitview
14%
108 CDP Acme
0%
No matching quizzes found
Score Distribution
Percent of People with Each Score
Percentile by Number Answered
Your Score History
You have not taken this quiz